Score 0/25 Timer 06:00
2 Plays Today
% Correct
How I Met Your Mother
93.5%
The Simpsons
90.7%
Friends
80.9%
Game of Thrones
78.9%
Seinfeld
76.9%
The Office (US)
70%
Futurama
68.7%
Parks and Recreation
68.7%
The Big Bang Theory
66.8%
Sherlock
49.5%
Malcolm in the Middle
47.3%
The Flash
46.4%
The Fresh Prince of Bel-Air
43.7%
% Correct
Breaking Bad
42.9%
Firefly
42.5%
Scrubs
38.4%
Community
36.4%
Lost
35.8%
Married... with Children
33.8%
Prison Break
30.6%
Psych
25%
Arrow
23.6%
White Collar
19.9%
Person of Interest
14.6%
The Mentalist
13.2%
Remove Ads.
Support Sporcle.
Get the best of Sporcle when you Go Orange. This ad-free experience offers more features, more stats, and more fun while also helping to support Sporcle. Thank you for becoming a member.

You're not logged in!

Compare scores with friends on all Sporcle quizzes.
OR
Log In

Show Comments

Extras

Top Quizzes Today


Score Distribution

Your Account Isn't Verified!

In order to create a playlist on Sporcle, you need to verify the email address you used during registration. Go to your Sporcle Settings to finish the process.

Report this User

Report this user for behavior that violates our Community Guidelines.

Details: